Estadísticas para 15 principales países afectados por Covid19 - 10 de mayo

Haz click aquí para intentar la prueba.

Estadísticas generales

  • Esta prueba ha sido intentada 6 veces
  • La puntuación promedio es 17 de 24

Estadísticas de respuestas

país% Correcto
Alemania
100%
China
100%
España
100%
Estados Unidos
100%
Francia
100%
Italia
100%
Suiza
100%
Bélgica
83%
Brasil
83%
Canadá
83%
India
83%
Reino Unido
83%
Rusia
83%
Irán
67%
Países Bajos
67%
Portugal
67%
Suecia
67%
Turquía
67%
Irlanda
50%
Perú
50%
Singapur
50%
Baréin
17%
Bielorrusia
17%
Catar
17%

Distribución de puntuación

Porcentaje por número respondido

Porcentaje de gente con cada puntuación

Historial de tus puntuaciones

No has intentado esta prueba.